Sirāt-i Bandāh Navāz. (Record no. 76442)

MARC details
000 -LEADER
fixed length control field 00574cam a22002291 4500
001 - CONTROL NUMBER
control field sa 67007220
003 - CONTROL NUMBER IDENTIFIER
control field DLC
005 - DATE AND TIME OF LATEST TRANSACTION
control field 20260227112414.0
008 - FIXED-LENGTH DATA ELEMENTS--GENERAL INFORMATION
fixed length control field 940720s1964 ii ac 000 0 urdo
010 ## - LIBRARY OF CONGRESS CONTROL NUMBER
LC control number sa 67007220
025 ## - OVERSEAS ACQUISITION NUMBER
Overseas acquisition number PL480:I-U-1269
035 ## - SYSTEM CONTROL NUMBER
System control number (OCoLC)30799331
040 ## - CATALOGING SOURCE
Original cataloging agency DLC
Transcribing agency CU
Modifying agency CU
-- DLC
042 ## - AUTHENTICATION CODE
Authentication code premarc
050 00 - LIBRARY OF CONGRESS CALL NUMBER
Classification number BP80.B24
Item number N6
100 1# - MAIN ENTRY--PERSONAL NAME
Personal name Nomani, Laieq Ahmed,
Dates associated with a name 1918-
245 10 - TITLE STATEMENT
Title Sirāt-i Bandāh Navāz.
260 ## - PUBLICATION, DISTRIBUTION, ETC.
Date of publication, distribution, etc. 1964.
300 ## - PHYSICAL DESCRIPTION
Extent 76 p.
Other physical details ill., port.
Dimensions 18 cm.
500 ## - GENERAL NOTE
General note In Urdu.
600 00 - SUBJECT ADDED ENTRY--PERSONAL NAME
Personal name Bandah Navāz,
Dates associated with a name 1321-1422.

No items available.

Powered by Koha